000 00568nam a22001217a 4500
082 _a894.812
_bSWA/S
100 _aRAMAKRISHNA MADAM & rAMAKRISHNAMISHAN
245 _aSWAMI VIVEKANANTHAN
_bJEEVITAVUM UPADESANGALUM
260 _aWEST BANGAL
_bRAMAKRISHNA MATH & RMAKRISHNA MISSION
_c2011
300 _a140
520 _aSwami Vivekananda was born on 12 January 1863, in Kolkata (earlier Calcutta). He was a spiritual leader and social reformer. His lectures, writings, letters, poems, and ideas motivated not only the youth of India but also the whole world.
942 _cBK
999 _c7777
_d7777